[Event "Brazil Xadrez Brasil op"]
[Site "Brazil"]
[Date "2010.11.15"]
[Round "7"]
[White "Mendonca, Lucas Rodrigues"]
[Black "Golubov, Arthur De Aquino"]
[Result "1-0"]
[WhiteElo "1579"]
[BlackElo "1569"]
[PlyCount "33"]
[EventDate "2010.11.12"]
[EventType "swiss"]
[EventRounds "7"]
[EventCountry "BRA"]
[SourceTitle "EXT 2013"]
[Source "ChessBase"]
[SourceDate "2012.11.22"]
[SourceVersion "1"]
[SourceVersionDate "2012.11.22"]
[SourceQuality "1"]

1. c4 c5 2. Nc3 Nf6 3. g3 e5 4. Bg2 Be7 5. d3 0-0 6. Nf3 Nc6 7. 0-0 d5 8. cxd5 Nxd5 9. Nh4 Bxh4 10. gxh4 Qxh4 11. Nxd5 Qg5 12. Kh1 h5 13. Bxg5 g6 14. Qd2 Nd4 15. Bf6 Be6 16. Qh6 Rac8 17. Qh8# 1-0